000 00886cam a2200301 i 4500
001 2712717
003 ARRUPE
005 20160427114133.0
008 761108r19751964enkbj b 001 0 eng
010 _a 76376487
015 _aGB76-04521
020 _a0582352193 :
_c£2.50
040 _aDLC
_cDLC
_dDLC
043 _ae------
050 0 0 _aD359
_b.W57 1975
082 0 0 _a940.2/8
100 1 _aWood, Anthony,
_d1923-
_924118
245 1 0 _aEurope, 1815-1945 /
_cAnthony Wood.
260 _aLondon :
_bLongman,
_c1964.
300 _axv, 512 p. :
_bgeneal. tables, maps ;
_c21 cm.
500 _aFirst published in 1964
500 _aIncludes index.
504 _aBibliography: p. 495-505.
651 0 _aEurope
_xHistory
_y1789-1900.
_917433
651 0 _aEurope
_xHistory
_y20th Century
_919127
906 _a7
_bcbc
_corignew
_d3
_encip
_f19
_gy-gencatlg
942 _2lcc
_cMONOGRAPH
999 _c124712
_d124712